Higher engineering mathematics : Vol- 1 (Record no. 614)

MARC details
000 -LEADER
Fixed length control field 00448nam a2200181 4500
003 - CONTROL NUMBER IDENTIFIER
Control field SEACOMEC
005 - DATE AND TIME OF LATEST TRANSACTION
Control field 20240805123352.0
008 - FIXED-LENGTH DATA ELEMENTS--GENERAL INFORMATION
Fixed length control field 240210b |||||||| |||| 00| 0 eng d
020 ## - INTERNATIONAL STANDARD BOOK NUMBER / ISBN
Price Rs.250.00
040 ## - CATALOGING SOURCE
Original cataloging agency SEACOMEC
082 ## - DEWEY DECIMAL CLASSIFICATION NUMBER
Classification number 510.02462
Book Number R234
100 ## - MAIN ENTRY--PERSONAL NAME
Personal name Rathore,S.K.S.
245 1# - TITLE STATEMENT
Title Higher engineering mathematics : Vol- 1
Statement of responsibility S,K,S. Rathore
260 ## - IMPRINT
Place of publication Pune
Name of publisher Everest
Date of publication 2004
300 ## - PHYSICAL DESCRIPTION
Page / Vol. No vol-1
650 ## - SUBJECT ADDED ENTRY--TOPICAL TERM
Topical term mathematics
942 ## - ADDED ENTRY ELEMENTS (KOHA)
Koha item type Books
Holdings
Withdrawn status Lost status Source of classification Damaged status Not for loan Home library Current library Date acquired Total Checkouts Call number Accession number Date last seen Price effective from Koha item type Copy number
    Dewey Decimal Classification     SEACOM ENGINEERING COLLEGE SEACOM ENGINEERING COLLEGE 07/06/2006   510.02462 R234 02315 05/08/2024 05/08/2024 Books  
    Dewey Decimal Classification     SEACOM ENGINEERING COLLEGE SEACOM ENGINEERING COLLEGE 07/06/2006   510.02462 R234 02316 05/08/2024 05/08/2024 Books 1
    Dewey Decimal Classification     SEACOM ENGINEERING COLLEGE SEACOM ENGINEERING COLLEGE 07/06/2006   510.02462 R234 02317 05/08/2024 05/08/2024 Books 2
    Dewey Decimal Classification     SEACOM ENGINEERING COLLEGE SEACOM ENGINEERING COLLEGE 07/06/2006   510.02462 R234 02318 05/08/2024 05/08/2024 Books 3
    Dewey Decimal Classification     SEACOM ENGINEERING COLLEGE SEACOM ENGINEERING COLLEGE 07/06/2006   510.02462 R234 02319 05/08/2024 05/08/2024 Books 4
    Dewey Decimal Classification     SEACOM ENGINEERING COLLEGE SEACOM ENGINEERING COLLEGE 07/06/2006   510.02462 R234 02320 05/08/2024 05/08/2024 Books 5
    Dewey Decimal Classification     SEACOM ENGINEERING COLLEGE SEACOM ENGINEERING COLLEGE 07/06/2006   510.02462 R234 02321 05/08/2024 05/08/2024 Books 6
    Dewey Decimal Classification     SEACOM ENGINEERING COLLEGE SEACOM ENGINEERING COLLEGE 07/06/2006   510.02462 R234 02322 05/08/2024 05/08/2024 Books 7
    Dewey Decimal Classification     SEACOM ENGINEERING COLLEGE SEACOM ENGINEERING COLLEGE 07/06/2006   510.02462 R234 02323 05/08/2024 05/08/2024 Books 8
    Dewey Decimal Classification     SEACOM ENGINEERING COLLEGE SEACOM ENGINEERING COLLEGE 07/06/2006   510.02462 R234 02324 05/08/2024 05/08/2024 Books 9
© Seacom Engineering College, All rights reserved.      Powered by Koha